| 000 | 02710cam a22004934i 4500 | ||
|---|---|---|---|
| 003 | PE-LiUPU | ||
| 005 | 20250731173328.0 | ||
| 008 | 150625s r 000 0 d | ||
| 020 | _a9788428531450 | ||
| 035 | _a(Sirsi) i9788428531450 | ||
| 040 |
_aPE-LiUPU _bspa _cPE-LiUPU _erda |
||
| 049 | _aPRUA | ||
| 082 | 0 | 4 |
_a232 _bM26 _221 |
| 100 | 1 |
_aMarchesi, Giovanni, _eautor. |
|
| 245 | 1 | 0 |
_aJesús de Nazaret ¿quién eres? : _bEsbozos cristológicos / _cGiovanni Marchesi ; [traducido por María Teresa Maio Segundo] . |
| 264 | 1 |
_aMadrid : _bSan Pablo, _c2007. |
|
| 300 |
_a610 páginas ; _c25 centímetros |
||
| 336 |
_atext _2rdacontent |
||
| 337 |
_aunmediated _2rdamedia |
||
| 338 |
_avolume _2rdacarrier |
||
| 505 | 0 | _a"Queremos ver a Jesús". -Jesús de Nazaret: ¿quién eres?. -Elementos históricos de las trascendencia de Jesús. Su autoridad. -Jesucristo: ¿profeta o hijo de Dios?. -El anuncio del reino de Dios, novedad de la enseñanza de Jesús. -Los milagros de Jesús, "signos" de revelación divina y de salvación del hombre. -El Padre, "morada" estable del Jesús histórico. -La obediencia de Jesús al Padre, esencia de la cristología. -El Espíritu Santo y Jesús, el Cristo. -De Jesús a la iglesia: la llamada al nuevo pueblo de Dios. -Eucaristía y cruz: "El hijo de Dios me amó y se dio a sí mismo por mí". -Jesús ante su muerte. -La resurrección de Jesús de entre los muertos. El crucificado es el resucitado. -Palabra y silencio ante el ministerio de Cristo - Dios. | |
| 526 | _aSEG42 | ||
| 526 | _aSEG41 | ||
| 526 | _aSEG40 | ||
| 526 | _aSEG39 | ||
| 526 | _aP94 | ||
| 526 | _aP87 | ||
| 526 | _aP86 | ||
| 526 | _aP85 | ||
| 526 | _aP77 | ||
| 526 | _aP76 | ||
| 526 | _aP35 | ||
| 541 | _g006-35830; | ||
| 541 | _g007-0004598; | ||
| 650 | 0 | 4 | _aCristología. |
| 910 |
_bjv _clch _d20090105 |
||
| 942 |
_2ddc _cBOOK |
||
| 949 |
_a232 M26 _wDEWEY _c1 _i59526 _lCCODEBUL1 _mBUL _p43.00 _r0 _sY _tBOOK _u2015-6-25 _xTEOLOGIA _zUNKNOWN _0COMPRA _o.STAFF. Colección General |
||
| 949 |
_a232 M26 _wDEWEY _c2 _i59007 _lCCODEBUL1 _mBUL _p45.00 _r0 _sY _tBOOK _u2015-6-25 _xTEOLOGIA _zUNKNOWN _0COMPRA _o.STAFF. Colección General |
||
| 994 |
_aC0 _bPEPRU |
||
| 596 | _a1 | ||
| 999 |
_a232 M26 _wDEWEY _c47847 _i59526 _f2021-11-10 _g5 _lCCODEBUL1 _mBUL _p43.00 _r0 _sY _tBOOK _u2015-6-25 _xTEOLOGIA _zUNKNOWN _0COMPRA _o.STAFF. Colección General _d47847 |
||
| 999 |
_a232 M26 _wDEWEY _c2 _i59007 _d2018-5-27 _f2021-11-10 _g5 _lCCODEBUL1 _mBUL _p45.00 _q1 _r0 _sY _tBOOK _u2015-6-25 _xTEOLOGIA _zUNKNOWN _0COMPRA _o.STAFF. Colección General |
||
| 980 |
_81 _gALBERTO SANCHEZ Responsable de Automatización |
||